000 01292nam a2200313 a 4500
001 000007137
003 DO-SdBNP
005 20240312123623.0
007 000007137
008 090717s2005 mx 001 0 spa d
020 _z968167538X
040 _aBPMSU
_bspa
_cBPMSU
082 4 _a972.2
_bM385c 2005
_222
100 1 _aMartínez Baracs, Rodrigo,
_d1954-
245 1 0 _aConvivencia y utopía :
_bel gobierno indio y español de la ciudad de Mechuacan, 1521-1580 /
_cRodrigo Martínez Baracs
260 _aMéxico :
_bFondo de Cultura Económica ;
_bInstituto Nacional de Antropología e Historia,
_c2005
300 _a471 p., [48] p. de láminas :
_bil., mapas ;
_c23 cm.
490 0 _aSección de obras de historia
500 _aIncluye datos biogràficos del autor en la contracubierta
504 _aIncluye referencias bibliográficas y notas al pie de las páginas
590 _aInventariado, 2024/VM
651 4 _aMichoacán (México)
_xHistoria
_y1517-1821
651 4 _aMichoacán (México)
_xPolítica y gobierno
_y1517-1821.
651 4 _aCuba
_xHistoria
_y1940-1952.
710 2 _aFondo de Cultura Económica (México)
710 2 _aInstituto Nacional de Antropología e Historia (México)
910 _aVMateo V. Control de calidad BPMSU
942 _2ddc
_cBK
999 _c14585
_d14585